International relationas since 1919 (Record no. 400)
[ view plain ]
| 000 -LEADER | |
|---|---|
| fixed length control field | 00521cam a2200193ua 4500 |
| 001 - CONTROL NUMBER | |
| control field | 457 |
| 005 - DATE AND TIME OF LATEST TRANSACTION | |
| control field | 20260515113152.0 |
| 008 - FIXED-LENGTH DATA ELEMENTS--GENERAL INFORMATION | |
| fixed length control field | 110406n ii |||gr||||Z||||||eng |
| 040 ## - CATALOGING SOURCE | |
| Transcribing agency | MAIN |
| 082 ## - DEWEY DECIMAL CLASSIFICATION NUMBER | |
| Classification number | 327.09041 |
| 245 1# - TITLE STATEMENT | |
| Title | International relationas since 1919 |
| Statement of responsibility, etc. | by Madan Gopal Gupta |
| 250 ## - EDITION STATEMENT | |
| Edition statement | 3rd. |
| 260 ## - PUBLICATION, DISTRIBUTION, ETC. | |
| Place of publication, distribution, etc. | Allahabad: |
| Name of publisher, distributor, etc. | Chaitanya ,968. |
| 300 ## - PHYSICAL DESCRIPTION | |
| Extent | viii, 646p.: |
| Dimensions | 45cm. |
| 653 ## - INDEX TERM--UNCONTROLLED | |
| Uncontrolled term | Political relations |
| 653 ## - INDEX TERM--UNCONTROLLED | |
| Uncontrolled term | International relations since 1919 |
| 700 ## - ADDED ENTRY--PERSONAL NAME | |
| Personal name | Gupta, Madan Gopal., |
| Relator term | Author. |
| 942 ## - ADDED ENTRY ELEMENTS (KOHA) | |
| Koha item type | Books |
| Withdrawn status | Lost status | Damaged status | Not for loan | Home library | Current library | Shelving location | Date acquired | Total checkouts | Full call number | Barcode | Date last seen | Copy number | Price effective from | Koha item type |
|---|---|---|---|---|---|---|---|---|---|---|---|---|---|---|
| Naharkatiya College Library | Naharkatiya College Library | General stacks | 09/19/2020 | 327.09041 | GUP | 106 | 09/19/2020 | 1 | 09/19/2020 | Books |